000 00732nam a2200253Ia 4500
999 _c55110
_d55110
001 22185
003 GE_BSU
005 20221208163353.0
008 181216s2016||||ge |||||||||||||| ||geo||
020 _a9783060203116
040 _cGE_BSU
041 _ageo
080 _a811.112.1H-49
100 _aHeine, Carola
_916352
245 _aPrufungstraining TestDaf /
_cCarola Heine, E. Lazarou.
264 _aBerlin :
_bCornelsen,
_c2016.
300 _a126 p. :
_bill. ;
_c30 cm.
_e+2CD. +დანართი
541 _h80 Gel.
653 _aPrufungstraining TestDaf
653 _aНемецкий язык
653 _aგერმანული ენა
700 _aLazarou, E.
_ethe author
_916353
942 _cBK
_2udc